Fundamentos para un tratado de libre comercio entre México y la Unión Europea /
שמור ב:
| מחבר ראשי: | |
|---|---|
| מחברים אחרים: | , |
| פורמט: | ספר |
| שפה: | ספרדית |
| נושאים: | |
| תגים: |
אין תגיות, היה/י הראשונ/ה לתייג את הרשומה!
|
MARC
| LEADER | 00000nam^a2200000^a^4500 | ||
|---|---|---|---|
| 001 | 000090386 | ||
| 005 | 20250521000000.0 | ||
| 009 | 20260310092609.581 | ||
| 037 | |a Acervo ITESO - Biblioteca | ||
| 041 | |a ESP | ||
| 090 | |a CIN. 49 | ||
| 100 | |a Abascal Cuéllar, María de las Virtudes |e (autor) | ||
| 245 | 1 | 0 | |a Fundamentos para un tratado de libre comercio entre México y la Unión Europea / |c M.V. Abascal Cuéllar, R. Fregoso Sánchez, V.C. Iñiguez López. |
| 264 | |a Guadalajara, México : |b edición de autor, |c 1998 | ||
| 300 | |a 159 p. | ||
| 336 | |a texto |b txt |2 rdacontenido | ||
| 337 | |a sin mediación |b n |2 rdamedio | ||
| 338 | |a volumen |b nc |2 rdasoporte | ||
| 593 | |a Tesis de Lic. en Comercio Internacional | ||
| 610 | |a Comunidad Económica Europea | ||
| 649 | |a XX | ||
| 650 | |a Comercio Internacional | ||
| 650 | |a Comercio Exterior - |z México | ||
| 650 | |a Exportaciones - |z México | ||
| 650 | |a Importaciones - |z Europa | ||
| 650 | |a Tratados Comerciales Internacionales | ||
| 650 | |a Apertura Comercial e Integración Económica | ||
| 650 | |a Cooperación Internacional | ||
| 650 | |a Relaciones Internacionales - |z México-Europa | ||
| 700 | |a Fregoso Sánchez, Ruth |e (autor) | ||
| 700 | |a Iñiguez López, Verónica Concepción |e (autor) | ||
| 910 | |a Fondo General | ||
| 920 | |a Impresos - Tesis del ITESO | ||
| 930 | |a Colección General | ||
| 905 | |a 104 | ||
| 901 | |a 0500024812 |b IT2 |c TSS |u 20250521 | ||
| 902 | |a https://opac.biblio.iteso.mx/vufind/Record/000090386 | ||